Republican Presidential Candidates, 2016 - Statistics

General Stats
  • This quiz has been taken 67 times
  • The average score is 13 of 17
Answer Stats
Hint Answer % Correct
Real Estate Mogul and Reality TV Star Donald Trump
100%
Evangelical Texas Senator and former clerk to William Rehnquest; Suspended Campaign Ted Cruz
100%
Ohio Governor and former U.S. Senator; Suspended Campaign John Kasich
98%
Retired Neurosurgeon and Author; Suspended Campaign Ben Carson
97%
Florida Senator and Speaker of Florida House of Representatives; Suspended Campaign Marco Rubio
93%
Former Florida Governor and Secretary of Commerce; Suspended Campaign Jeb Bush
92%
Libertarian Kentucky Senator and Ophthalmologist; Suspended Campaign Rand Paul
85%
New Jersey Govenor and U.S. Attorney; Suspended Campaign Chris Christie
84%
Former Arkansas Governor and Ordained Minister; Suspended Campaign Mike Huckabee
77%
South Carolina Senator and Military Lawyer; Suspended Campaign Lindsey Graham
74%
Former Hewlett-Packard CEO and failed Senate Candidate; Suspended Campaign Carly Fiorina
72%
Former Texas Governor and Agriculture Commissioner; Suspended Campaign Rick Perry
69%
Former Pennsylvania Senator and Intelligent Design Advocate; Suspended Campaign Rick Santorum
67%
Wisconsin Governor who survived a recall; Suspended Campaign Scott Walker
66%
Former Louisiana Governor and Convert to Catholicism; Suspended Campaign Bobby Jindal
59%
Former New York Governor and Peekskill mayor; Suspended Campaign George Pataki
52%
Former Virginia Governor and Counterintelligence agent; Suspended Campaign Jim Gilmore
33%
No matching quizzes found
Score Distribution
Percent of People with Each Score
Percentile by Number Answered
Your Score History
You have not taken this quiz